| 000 | 00683nam a2200229 a 4500 | ||
|---|---|---|---|
| 005 | 20210219153431.0 | ||
| 008 | 991125n 000 0 u | ||
| 035 | _aUPN01000099150 | ||
| 100 | _aYore, Larry D. | ||
| 222 | _aJOURNAL OF RESEARCH IN SCIENCE TEACHING | ||
| 245 | _aSecondary science teachers' attitudes toward and beliefs about science reading and science textbooks | ||
| 300 | _a55-72 | ||
| 362 | _a28, No. 1, 1991 | ||
| 505 | _aJulio 1993 | ||
| 653 | 0 | _aACTITUD DOCENTE | |
| 653 | 0 | _aCUESTIONARIOS | |
| 653 | 0 | _aEDUCACION CIENTIFICA | |
| 653 | 0 | _aLECTURA DEL AREA DEL CONTENIDO | |
| 653 | 0 | _aLIBROS DE TEXTO | |
| 904 |
_aAC _b036961 |
||
| 905 | _aArticulo | ||
| 999 |
_c76700 _d76700 |
||